Tọa độ bí mật Truyện tình báo

Phải chuyển số PL về số 895.9223087

Guardado en:
Detalles Bibliográficos
Autor principal: Thanh Đạm
Formato: Libro
Lenguaje:Undetermined
Publicado: Hà Nội Lao động 1973
Materias:
Etiquetas: Agregar Etiqueta
Sin Etiquetas, Sea el primero en etiquetar este registro!
Thư viện lưu trữ: Trung tâm Học liệu Trường Đại học Cần Thơ
LEADER 00616nam a2200193Ia 4500
001 CTU_10571
008 210402s9999 xx 000 0 und d
082 |a 895.922333 
082 |b Th107t 
100 |a Thanh Đạm 
245 0 |a Tọa độ bí mật 
245 0 |b Truyện tình báo 
245 0 |c Thanh Đạm 
260 |a Hà Nội 
260 |b Lao động 
260 |c 1973 
520 |a Phải chuyển số PL về số 895.9223087 
650 |a detective and mystery stories, vietnamese,vietnamese fiction - 1960 - 1975 
980 |a Trung tâm Học liệu Trường Đại học Cần Thơ